|
|
|
|
| LEADER |
00747cam a2200217 7i4500 |
| 001 |
0000026484 |
| 005 |
20090317090000.0 |
| 008 |
090317 bm |
| 020 |
|
|
|a 9679935329 (pbk.)
|
| 020 |
|
|
|a 9679935310 (hbk.)
|
| 040 |
|
|
|a UKM
|
| 090 |
0 |
0 |
|a HQ1745.8
|b .N57 2003
|
| 100 |
0 |
|
|a Nisriwani Yahaya
|
| 245 |
1 |
0 |
|a 101 Puteri Dunia Melayu :
|b sejarah dan legenda
|c Nisriwani Yahaya, Syed Zulflida S. M. Noor.
|
| 246 |
3 |
|
|a Satu ratus satu Puteri Dunia Melayu.
|
| 260 |
|
|
|a Kuala Lumpur:
|b Muzium Negara Malaysia,
|c 2003.
|
| 300 |
|
|
|a 479 p.:
|b ill.;
|c 28 cm.
|
| 650 |
0 |
0 |
|a Women, Malay --
|x History
|
| 650 |
0 |
0 |
|a Women, Malay
|
| 700 |
0 |
|
|a Syed Zulflida S. M. Noor
|
| 999 |
|
|
|a 0000020627
|b BOK
|c REFERENCE
|e Ground Floor, Bestari Jaya
|